| 000 | 00376cam a2200157ua 4500 | ||
|---|---|---|---|
| 041 |
_aeng _h |
||
| 082 |
_a828.09 _bGRE/SI |
||
| 100 | _aGreen, Peter . | ||
| 245 |
_aSir Thomas Browne / _cPeter Green. _hTextual Documents |
||
| 250 |
_a1 / _b. |
||
| 260 |
_aLondon : _bLongman Green and Co , _c1959. |
||
| 300 | _a39 ; . | ||
| 504 | _a | ||
| 942 | _cBK | ||
| 999 |
_c8530 _d8530 |
||